000 01420nam0a22002771 4500
001 v19\rc\1414823
005 20260406105712.0
035 _a(NLR Aleph) 005223533
090 _a5530269
_c5530269
100 _a20060512d1880 |||y0rusy50 ca
101 1 _arus
_cger
102 _aRU
105 _ay z |||||
200 1 _aУчение о пищеварении
_eВвед. к клинич. изуч. болезней пищевар. органов
_e12 лекций, чит. врачам и студентам высш. курсов втечении [!] зимнего семестра 1878-1879 акад. г. д-ром К.А. Эвальдом, доц. при Корол. ун-те в Берлине
_fПер. с нем. под ред. проф. Имп. Мед.-хирург. акад. И.Р. Тарханова
210 _aСанкт-Петербург
_cтип. Деп. уделов
_d1880
215 _a[6], IV, 200, III с.
_d17
700 1 _8rus
_7ca
_aЭвальд
_bК. А.
_f1845-1915
_gКарл Антон
_3RU\NLR\AUTH\7715786
_9125434
702 1 _4340
_8rus
_7ca
_aТарханов
_bИ. Р.
_f1846-1908
_gИван Рамазович
_3RU\NLR\AUTH\77102811
_985737
801 0 _aRU
_bNLR
_c20060512
_gpsbo
801 0 _aRU
_bRuMoRGB
_c20060512
_2psbo
801 1 _aRU
_bProSoft-M
_c20060512
_2rusmarc
801 2 _aRU
_bNLR
_c20111109
_2rusmarc
852 _aNLR
_j18.21.9.63
852 _aNLR
_j128/105
942 _cBOOK
980 _aNB